200 Most Popular Boys Names in the US (2019) - Statistics

General Stats
  • This quiz has been taken 629 times
  • The average score is 88 of 200
Answer Stats
Answer % Correct
4 W William
95%
19 J Jack
92%
6 J James
91%
28 J John
91%
1 L Liam
90%
4 O Oliver
89%
14 M Michael
88%
2 N Noah
86%
23 M Matthew
85%
27 D David
83%
166 A Alex
82%
15 D Daniel
82%
62 E Eli
80%
10 E Ethan
80%
12 H Henry
79%
22 S Samuel
79%
7 B Benjamin
78%
92 J Jose
78%
87 L Luca
78%
55 N Nathan
78%
46 A Andrew
77%
47 T Thomas
77%
192 E Edward
75%
13 J Jacob
75%
11 A Alexander
74%
24 J Joseph
74%
8 L Lucas
74%
32 L Luke
74%
76 R Robert
74%
5 E Elijah
73%
17 J Jackson
73%
42 J Jaxon
73%
84 J Jaxson
73%
119 G George
72%
104 J Jason
72%
40 L Leo
71%
90 A Adam
70%
21 O Owen
70%
51 C Charles
69%
44 C Christopher
68%
124 Z Zachary
67%
20 A Aiden
66%
114 A Ayden
66%
64 J Jonathan
66%
200 S Steven
66%
91 X Xavier
66%
96 E Evan
65%
48 J Joshua
65%
78 N Nicholas
65%
182 N Nicolas
65%
9 M Mason
64%
38 A Anthony
63%
16 L Logan
63%
198 R Richard
63%
54 R Ryan
63%
34 I Isaac
62%
120 L Luis
62%
35 J Jayden
61%
155 J Justin
61%
61 A Aaron
60%
39 D Dylan
60%
89 J Jordan
60%
57 C Christian
56%
188 T Timothy
56%
128 T Tyler
56%
81 I Ian
55%
123 N Nathaniel
55%
195 T Theo
55%
140 B Brandon
54%
176 E Eric
54%
149 K Kevin
54%
115 V Vincent
54%
181 A Alan
52%
137 M Max
52%
31 J Julian
50%
186 V Victor
50%
67 C Cameron
49%
68 C Connor
49%
30 C Carter
48%
164 K Karter
48%
36 T Theodore
48%
112 H Harrison
47%
18 S Sebastian
47%
52 C Caleb
45%
173 E Elliot
45%
160 E Elliott
45%
37 G Gabriel
45%
178 A Arthur
44%
70 J Jeremiah
44%
143 K Kaiden
44%
97 K Kayden
44%
86 L Leonardo
44%
66 H Hunter
43%
33 G Grayson
42%
79 G Greyson
42%
29 W Wyatt
42%
169 X Xander
42%
53 I Isaiah
41%
138 J Juan
41%
88 A Austin
40%
122 C Cole
40%
63 L Landon
40%
66 A Adrian
39%
139 I Ivan
39%
141 J Jonah
39%
25 L Levi
39%
189 H Hayden
38%
82 C Carson
36%
100 K Kai
36%
26 M Mateo
36%
179 M Matteo
36%
191 A Abraham
35%
101 B Brayden
35%
111 D Damian
35%
152 J Jesus
35%
45 J Josiah
35%
75 M Miles
35%
144 M Myles
35%
99 W Wesley
35%
43 A Asher
34%
80 C Cooper
34%
187 J Joel
34%
98 P Parker
34%
65 N Nolan
33%
183 B Blake
32%
134 C Carlos
32%
121 C Chase
32%
60 E Elias
32%
127 G Gavin
32%
153 J Jude
32%
49 E Ezra
30%
172 F Finn
30%
41 L Lincoln
30%
125 A Ashton
29%
174 D Dean
29%
147 M Maxwell
29%
157 A Abel
28%
50 H Hudson
28%
177 M Miguel
28%
170 A Antonio
27%
151 T Tristan
27%
83 A Axel
26%
171 B Brody
26%
85 D Dominic
26%
105 E Emmett
26%
180 G Graham
26%
162 M Milo
26%
103 W Weston
26%
93 J Jace
25%
148 J Jayce
25%
72 A Angel
24%
59 C Colton
24%
71 E Ezekiel
24%
197 G Grant
24%
73 R Roman
24%
136 J Jasper
23%
118 R Rowan
23%
94 E Everett
22%
77 J Jameson
22%
110 M Micah
22%
107 S Silas
22%
108 B Bennett
21%
167 A August
20%
145 C Calvin
20%
129 D Diego
20%
74 E Easton
20%
132 B Beau
19%
95 D Declan
19%
58 M Maverick
19%
199 A Alejandro
18%
130 B Bentley
18%
168 R River
18%
159 C Camden
17%
196 T Tucker
17%
154 Z Zion
17%
102 B Bryson
16%
156 M Maddox
16%
116 R Ryder
16%
126 B Braxton
15%
109 B Brooks
15%
163 E Emmanuel
15%
106 S Sawyer
15%
194 Z Zayden
15%
190 J Judah
14%
158 K King
14%
142 G Giovanni
13%
146 L Lorenzo
13%
161 M Malachi
13%
135 R Ryker
13%
69 S Santiago
12%
113 W Waylon
12%
131 A Amir
11%
133 G Gael
9%
165 R Rhett
9%
175 E Emiliano
8%
117 K Kingston
8%
184 T Thiago
8%
150 L Legend
5%
185 A Adriel
4%
193 M Messiah
3%
No matching quizzes found
Score Distribution
Percent of People with Each Score
Percentile by Number Answered
Your Score History
You have not taken this quiz